<?xml version="1.0" encoding="UTF-8"?>
<marc:record xmlns:marc="http://www.loc.gov/MARC21/slim">
   <marc:leader>00000nam a2200000 a 4500</marc:leader>
   <marc:datafield ind1="1" ind2=" " tag="100">
      <marc:subfield code="a">Funnyflux</marc:subfield>
      <marc:subfield code="4">aut</marc:subfield>
      <marc:subfield code="e">Verfasser/-in</marc:subfield>
   </marc:datafield>
   <marc:datafield ind1=" " ind2=" " tag="653">
      <marc:subfield code="a">Tonie Hörbuch 231</marc:subfield>
   </marc:datafield>
   <marc:datafield ind1="0" ind2="0" tag="245">
      <marc:subfield code="a">Super Wings-Feuer im Wald + 3 weitere Abenteuer zum Abheben</marc:subfield>
   </marc:datafield>
   <marc:datafield ind1="0" ind2="0" tag="245">
      <marc:subfield code="c">Funnyflux</marc:subfield>
   </marc:datafield>
   <marc:datafield ind1=" " ind2="1" tag="264">
      <marc:subfield code="a">Berlin</marc:subfield>
      <marc:subfield code="b">Boxine GmbH</marc:subfield>
      <marc:subfield code="c">2022</marc:subfield>
   </marc:datafield>
   <marc:datafield ind1="1" ind2=" " tag="490">
      <marc:subfield code="a">Super Wings</marc:subfield>
   </marc:datafield>
   <marc:datafield ind1="1" ind2=" " tag="520">
      <marc:subfield code="a">Lukas hat sich einen Feuerwehrhelm bestellt. Den möchte er in der Schule tragen, wenn sein Vater von seiner Arbeit als Feuerwehrmann berichtet. Plötzlich steht der Wald gleich vor der Schule in Flammen. Die Schüler sehen zu, wie gelöscht wird. Jett eilt zu Hilfe und gemeinsam mit Lukas' Vater versucht er, ein kleines Rehkitz aus den Flammen zu retten. Doch ohne Unterstützung der Super Wings wird es Jett nicht schaffen können.&#xD;
&#xD;
Ab 3 Jahre&#xD;
&#xD;
Titelliste:&#xD;
01 - Elefantenbabybad&#xD;
02 - Entlaufener Dinosaurier&#xD;
03 - Verlorene Fundstücke&#xD;
04 - Feuer im Wald</marc:subfield>
   </marc:datafield>
   <marc:datafield ind1="3" ind2=" " tag="024">
      <marc:subfield code="a">4251192126818</marc:subfield>
   </marc:datafield>
   <marc:datafield ind1=" " ind2=" " tag="041">
      <marc:subfield code="a">ger</marc:subfield>
   </marc:datafield>
   <marc:datafield ind1=" " ind2=" " tag="300">
      <marc:subfield code="a">zirka 58 Minuten</marc:subfield>
   </marc:datafield>
</marc:record>
